Holistic Business Environment in Corona Phase/ (Record no. 212342)

MARC details
000 -LEADER
fixed length control field 00657nam a22002057a 4500
005 - DATE AND TIME OF LATEST TRANSACTION
control field 20250711124342.0
010 ## - LCCN (DPL NO)
LC control number ENG-145936
020 ## - INTERNATIONAL STANDARD BOOK NUMBER
International Standard Book Number 9789391772031
Terms of availability 160.00
035 ## - SYSTEM CONTROL NUMBER
System control number EN-129468
037 ## - SOURCE OF ACQUISITION
Source of stock number/acquisition DBAD
082 ## - DEWEY DECIMAL CLASSIFICATION NUMBER
Classification number 357.091724
Edition number 1
245 ## - TITLE STATEMENT
Title Holistic Business Environment in Corona Phase/
Statement of responsibility, etc Edited By Guru P [and] Sathyapriya J
250 ## - EDITION STATEMENT
Edition statement 1
260 ## - PUBLICATION, DISTRIBUTION, ETC. (IMPRINT)
Place of publication, distribution, etc Chennai
Name of publisher, distributor, etc Forschung Publications
Date of publication, distribution, etc 202
270 ## - ADDRESS
Address Mogappair
City Chennai
Telephone number 9626166683
Electronic mail address forchungpublications@gmail.com
300 ## - PHYSICAL DESCRIPTION
Extent 104p.
Dimensions 24cm(pb)
700 ## - ADDED ENTRY--PERSONAL NAME
Personal name Guru P
Relator term Editor
9 (RLIN) 82927
700 ## - ADDED ENTRY--PERSONAL NAME
Personal name Sathyapriya J
Relator term Editor
9 (RLIN) 82933
942 ## - ADDED ENTRY ELEMENTS (KOHA)
Source of classification or shelving scheme Dewey Decimal Classification
Item type English Books
Classification part 357.091724
Call number suffix HOL
Holdings
Withdrawn status Lost status Not for loan Collection code Home library Current library Date acquired Source of acquisition Cost, normal purchase price Full call number Barcode Copy number Cost, replacement price Koha item type
      Non-fiction RC3 Aruna Nagar RC3 Aruna Nagar 11/07/2025 Delivery of Books Act Division 160.00 357.091724 HOL EN-129468 1 160.00 English Books

© Delhi Public Library
Hit Counter
free hit counter